Statistics for F Tier Characters in Super Smash Bros.

Click here to take the quiz!

General Stats

  • This quiz has been taken 133 times
    (94 since last reset)
  • The average score is 13 of 23

Answer Stats

Game(s)Character% Correct
CBrawlMario
86%
BMelee | UltimateKirby
83%
A64Luigi
80%
A64 | BrawlLink
78%
BMelee | BrawlBowser
76%
CBrawl | WiiU/3DS | UltimateGanondorf
76%
A64 | BrawlSamus
75%
CBrawl | WiiU/3DSJigglypuff
71%
A64Ness
71%
A64Donkey Kong
69%
EUltimateLittle Mac
69%
DWiiU/3DS | UltimateKing Dedede
54%
CBrawl | WiiU/3DS | UltimateZelda
54%
CBrawlCaptain Falcon
47%
DWiiU/3DS | UltimateDr. Mario
44%
DWiiU/3DSFalco
42%
EUltimateIsabelle
41%
EUltimateKing K. Rool
34%
DWiiU/3DSBowser Jr.
32%
EUltimateMii Swordfighter
31%
DWiiU/3DSPac-Man
31%
DWiiU/3DSWii Fit Trainer
24%
EUltimatePiranha Plant
22%

Score Distribution

Percentile by Number Answered

Percent of People with Each Score

Your Score History

You have not taken this quiz since the last reset